000 00458cam a22001571 4500
082 _a621.93
_bHOU
_cL-24, P-7.
100 1 _aHoughton, Philip Stephen.
_942171
245 1 0 _aMetal-cutting tools.
260 _aLondon,
_bChapman & Hall,
_c1948.
300 _axi, 283 p.
_billus.
_c23 cm.
526 _a0
_b0
_c0
_d621_930000000000000_HOU
650 0 _aMCE
_9379
650 0 _aMetal-cutting.
_934549
650 0 _aMetal-working machinery.
_942172
942 _2ddc
_cBK
999 _c546110
_d546110